U.S. Role in Dominican Republic spurs NACLA founding
Guardat en:
| Format: | Text |
|---|---|
| Matèries: | |
| Etiquetes: |
Afegir etiqueta
Sense etiquetes, Sigues el primer a etiquetar aquest registre!
|
MARC
| LEADER | 00000 a a2200000 04500 | ||
|---|---|---|---|
| 001 | 9973 | ||
| 003 | |||
| 040 | |||
| 245 | |a U.S. Role in Dominican Republic spurs NACLA founding | ||
| 650 | |a POLITICA EXTERIOR | ||
| 650 | |a ELECCIONES | ||
| 773 | |g volumen 36, número 3; páginas 14 | ||
| 999 | |c 39878 |d 39878 | ||
